Idees-méres ou plan motivé d'un programme pour la septiéme session du Congrés International de Statistique / (Record no. 31781)

MARC details
000 -LEADER
campo de control de longitud fija 00579nam a2200181 i 4500
001 - NÚMERO DE CONTROL
campo de control 31781
003 - IDENTIFICADOR DE NÚMERO DE CONTROL
campo de control ES-MaACL
005 - FECHA Y HORA DE LA ÚLTIMA TRANSACCIÓN
campo de control 20230906154436.0
007 - CAMPO FIJO DE DESCRIPCIÓN FÍSICA--INFORMACIÓN GENERAL
campo de control de longitud fija t|
008 - DATOS DE LONGITUD FIJA--INFORMACIÓN GENERAL
campo de control de longitud fija 030130s1868 ne ||||1| fre d
080 ## - NÚMERO DE LA CLASIFICACIÓN DECIMAL UNIVERSAL
Número de la Clasificación Decimal Universal 519.22
100 1# - ENTRADA PRINCIPAL--NOMBRE DE PERSONA
Nombre de persona Baumhauer, Marie Matthias von.
9 (RLIN) 26601
245 10 - MENCIÓN DEL TÍTULO
Título Idees-méres ou plan motivé d'un programme pour la septiéme session du Congrés International de Statistique /
Mención de responsabilidad, etc. Marie Matthias von Baumhauer.
260 ## - PUBLICACIÓN, DISTRIBUCIÓN, ETC.
Lugar de publicación, distribución, etc. La Haye :
Nombre del editor, distribuidor, etc. [s.n.],
Fecha de publicación, distribución, etc. 1868.
300 ## - DESCRIPCIÓN FÍSICA
Extensión 82 p. ;
Dimensiones 23 cm.
650 #4 - PUNTO DE ACCESO ADICIONAL DE MATERIA--TÉRMINO DE MATERIA
Término de materia o nombre geográfico como elemento de entrada Estadística.
9 (RLIN) 12520
852 4# - LOCALIZACIÓN
Ubicación ES-MaACL
Número de control de estantería T-146-F-4
Holdings
Estatus retirado Estado de pérdida Estado de daño No para préstamo Colección Biblioteca de origen Biblioteca actual Ubicación en estantería Fecha de adquisición Fuente de adquisición Total de préstamos Signatura topográfica completa Código de barras Visto por última vez Precio de reemplazo Tipo de ítem Koha
        Colección de folletos Biblioteca del Ateneo de Madrid Biblioteca del Ateneo de Madrid Depósito folletos 17/01/2008     T-146-F-4 1032858 23/02/2023 23/02/2023 Folleto